| 000 | 00473nam a2200181Ia 4500 | ||
|---|---|---|---|
| 005 | 20250603145335.0 | ||
| 008 | 250603s9999 xx 000 0 und d | ||
| 020 | _a9788123923055 | ||
| 050 | _aQP 518.5 .L35/ | ||
| 100 | _aLal, Harbans | ||
| 245 | 0 | _aMCQs in biochemistry (for all India PG entrance examination) | |
| 260 | _aNew Delhi | ||
| 260 | _bCBS Publishers & Distributors Pvt Ltd. | ||
| 260 | _c2016 | ||
| 300 | _a234 p | ||
| 650 | _aNew Delhi | ||
| 942 | _cBK | ||
| 999 |
_c41577 _d41577 |
||